Countries Without Rivers - Statistics

General Stats
  • This quiz has been taken 53 times
  • The average score is 12 of 18
Answer Stats
Country % Correct
Saudi Arabia
98%
Oman
91%
Yemen
91%
Qatar
84%
Bahrain
82%
United Arab Emirates
80%
Vatican City
80%
Kuwait
64%
Malta
64%
Tuvalu
64%
Monaco
62%
Kiribati
60%
Nauru
60%
Marshall Islands
58%
Maldives
53%
Bahamas
49%
Comoros
40%
Libya
38%
No matching quizzes found
Score Distribution
Percent of People with Each Score
Percentile by Number Answered
Your Score History
You have not taken this quiz